000 00288 a2200133 4500
001 194852
040 _cMagnum
100 _aRimbaud, Artur
240 1 0 _aUma estação no inferno
_lpor
245 1 0 _aUma estação no inferno
300 _a38
697 _aLITERATURA GERAL
942 _cBK
999 _c194852
_d194852